وشي الحلل في مراتب العلم والعمل رسالة في فقه الدعوة وتزكية النفوس

Bibliographic Details
Main Author: عوايشة, حسين (Author)
Format: Book
Published: Riyad : Dar al-Hijrah , 1991
Subjects:

MARC

LEADER 00000cam a2200000 7i4500
001 0000000279
005 20160413093000.0
008 021118s1991
090 0 0 |a BP170.85   |b .A9 1991 
100 0 |a عوايشة, حسين ,   |e author 
245 1 0 |a وشي الحلل في مراتب العلم والعمل رسالة في فقه الدعوة وتزكية النفوس   |c حسين بن عودة العوايشة 
260 2 |a Riyad :   |b Dar al-Hijrah ,   |c 1991 
300 |a 64 p. ;   |c 23 cm. 
650 0 |a Da'wah (Islam) 
745 0 3 |a al-Nufus wa shai al-hilal fi maratib al-`ilm wa-`amal risalah fi fiqh al-da`wah wa tazkiyah 
999 |a 1000033595   |b Book   |c OPEN SHELF (30 DAYS)   |e Gong Badak Campus